| 000 | 01014nam a2200265 i 4500 | ||
|---|---|---|---|
| 001 | 177474 | ||
| 003 | ES-MaACL | ||
| 005 | 20250311143418.0 | ||
| 008 | 110325s1965 sp |||| | spa d | ||
| 080 | _a821.112.2 Schiller, Friedrich 1.07 | ||
| 100 | 1 |
_aKoch, Herbert. _968400 |
|
| 245 | 1 | 0 |
_aSchiller y España / _cHerbert Koch. |
| 260 |
_aMadrid : _bAteneo : _bEditora Nacional, _c1965. |
||
| 300 |
_a26 p. ; _c20 cm. |
||
| 490 | 1 |
_aColección Ateneo ; _v29 |
|
| 594 | _aConferencia pronunciada el 5 de abril de 1965 en el Ateneo de Madrid. | ||
| 598 | _aEn verso de anteport.: Esta colección la publica Editora Nacional. | ||
| 600 | 1 | 4 |
_aSchiller, Friedrich, _d1759-1805 _9104361 |
| 610 | 2 | 4 |
_aAteneo de Madrid- _vConferencias- _y1940-1982. _91908 |
| 710 | 2 |
_aAteneo de Madrid. _91875 |
|
| 830 | 0 |
_aColección Ateneo ; _v29 _9180032 |
|
| 852 |
_aES-MaACL _j2294-F-10 _xOlim P-512-bis |
||
| 852 |
_aES-MaACL _jP-211-Ter-3-4 _z.- En lomo: 23-34 |
||
| 999 |
_c177474 _d177474 |
||